| 000 | 01228nam a2200253Ia 4500 | ||
|---|---|---|---|
| 999 |
_c37561 _d37561 |
||
| 001 | 3529 | ||
| 003 | GE_BSU | ||
| 005 | 20190530205123.0 | ||
| 008 | 181216s1985|||| |||||||||||||| ||geo|| | ||
| 040 | _cGE_BSU | ||
| 041 | _ageo | ||
| 080 | _a69(072)+006 ს-28 | ||
| 245 |
_aსაერთაშორისო ერთეულთა სისტემა მშენებლობაში : დამხმ.სახელმძღვ. / _cგ. ჩიმაკაძე ; ე. მეძმარიაშვილი ; ი. ბიუსი ; მ. ადეიშვილი ; რედ : მ. ძიძიგური |
||
| 264 |
_aთბილისი : _bსპი, _c1985. |
||
| 300 |
_a139 გვ .: _c20 სმ. |
||
| 653 | _aსაერთაშორისო ერთეულთა სისტემა მშენებლობაში | ||
| 653 | _aმშენებლობა | ||
| 700 |
_aჩიმაკაძე, გ _91408 |
||
| 700 |
_aმეძმარიაშვილი, ე _91893 |
||
| 700 |
_aბიუსი,ი _91894 |
||
| 700 |
_a ადეიშვილი, მ _91895 |
||
| 700 |
_aძიძიგური, მ _eრედაქტორი _9472 |
||
| 942 |
_cBK _2udc |
||